Mainstreaming Gender in the Curriculum: : Proceedings of a National Workshop Organised During March 22-24, 2007 (Record no. 229313)
[ view plain ]
| 000 -LEADER | |
|---|---|
| fixed length control field | 00764nam a22002177a 4500 |
| 005 - DATE AND TIME OF LATEST TRANSACTION | |
| control field | 20231125125311.0 |
| 008 - FIXED-LENGTH DATA ELEMENTS--GENERAL INFORMATION | |
| fixed length control field | 231125b ||||| |||| 00| 0 eng d |
| 040 ## - CATALOGING SOURCE | |
| Transcribing agency | AL |
| 041 ## - LANGUAGE CODE | |
| Language code of text/sound track or separate title | English |
| 082 ## - DEWEY DECIMAL CLASSIFICATION NUMBER | |
| Edition number | 23 |
| Classification number | 305.30954 |
| Item number | NAYM |
| 100 ## - MAIN ENTRY--PERSONAL NAME | |
| Personal name | Kishori Nayak K |
| 100 ## - MAIN ENTRY--PERSONAL NAME | |
| 9 (RLIN) | 143464 |
| 245 ## - TITLE STATEMENT | |
| Title | Mainstreaming Gender in the Curriculum: : Proceedings of a National Workshop Organised During March 22-24, 2007 |
| 260 ## - PUBLICATION, DISTRIBUTION, ETC. | |
| Place of publication, distribution, etc. | Mangalagangothri |
| Name of publisher, distributor, etc. | Prasaranga Mangalore University |
| Date of publication, distribution, etc. | 2010 |
| 300 ## - PHYSICAL DESCRIPTION | |
| Extent | 140 p. |
| Other physical details | PB |
| Dimensions | 21x13.5 cm. |
| 365 ## - TRADE PRICE | |
| Price type code | 063-065 |
| Price amount | ₹25.00 |
| Currency code | ₹ |
| Unit of pricing | ₹50.00 |
| Price note | 50% |
| Price effective from | 23-11-2023 |
| 650 ## - SUBJECT ADDED ENTRY--TOPICAL TERM | |
| Topical term or geographic name entry element | Womens Studies Study and Teaching |
| 9 (RLIN) | 143465 |
| 650 ## - SUBJECT ADDED ENTRY--TOPICAL TERM | |
| Topical term or geographic name entry element | India |
| 9 (RLIN) | 143466 |
| 650 ## - SUBJECT ADDED ENTRY--TOPICAL TERM | |
| Topical term or geographic name entry element | Curriculum planning |
| 9 (RLIN) | 143467 |
| 700 ## - ADDED ENTRY--PERSONAL NAME | |
| Personal name | NAYAK (Kishori K) |
| 9 (RLIN) | 143468 |
| 942 ## - ADDED ENTRY ELEMENTS (KOHA) | |
| Source of classification or shelving scheme | Dewey Decimal Classification |
| Koha item type | Book |
| Withdrawn status | Lost status | Source of classification or shelving scheme | Damaged status | Not for loan | Collection code | Home library | Current library | Date acquired | Source of acquisition | Cost, normal purchase price | Total Checkouts | Full call number | Barcode | Date last seen | Cost, replacement price | Price effective from | Koha item type |
|---|---|---|---|---|---|---|---|---|---|---|---|---|---|---|---|---|---|
| Dewey Decimal Classification | Kannada | St Aloysius Library | St Aloysius Library | 11/24/2023 | Prasaranga Mangalore University | 25.00 | 305.30954 NAYM | 076918 | 11/25/2023 | 50.00 | 11/25/2023 | Book |